000 00686nam a2200217 i 4500
001 129343
003 ES-MaACL
005 20240521124636.0
007 t|
008 070612s1977 sp ||||1| spa d
080 _a809.935:387
080 _a387:809.935
245 0 0 _aTerminología marinera del Mediterráneo /
_cedición de Manuel Alvar.
260 _aMadrid :
_bComisión Española del ALE,
_c1977.
300 _a387 p. :
_bil. ;
_c25 cm.
650 4 _aMarina mercante-
_vDiccionarios políglotas.
_914790
700 1 _aAlvar, Manuel,
_d1923-2001
_920583
710 2 _aComisión Española del ALE.
_93038
852 _aES-MaACL
_jL-3071
999 _c129343
_d129343